| 000 | 00828cab a22001935a 4500 | ||
|---|---|---|---|
| 001 | L156904 | ||
| 008 | 120730e2012 xxk 000 0 eng d | ||
| 035 | _a(Sirsi) u156904 | ||
| 041 | 0 | _aeng | |
| 110 | 2 |
_aProperty Week _91549 |
|
| 245 | 0 | 0 | _aCBRE and Jones Lang LaSalle continue to motor ahead of the rest |
| 260 | _c2012 | ||
| 490 | 0 |
_aProperty Week _v78(30) 27 July 2012, 42-43(2) |
|
| 520 | _aThe first half 2012 PropertyData investment league tables show the top two firms, CBRE and Jones Lang LaSalle, transacting more than £8bn in H1 2012 with London accounting for 58% of activity. Tables cover the top 20 firms at H1 2012 and H1 2011 in all property, central London, offices, retail, and industrial categories. | ||
| 590 | _aKA | ||
| 651 | 4 | _aUnited Kingdom | |
| 690 |
_aCommercial property _96227 |
||
| 942 | _n0 | ||
| 999 |
_c84195 _d84195 |
||